Most Sparsely Populated Countries - Statistics

General Stats
  • This quiz has been taken 121 times
  • The average score is 16 of 25
Answer Stats
Country % Correct
Canada
99%
Mongolia
95%
Australia
93%
Russia
93%
Kazakhstan
86%
Libya
80%
Namibia
77%
Chad
76%
Saudi Arabia
75%
Iceland
74%
Mali
70%
Argentina
69%
Niger
68%
Turkmenistan
68%
Mauritania
64%
Bolivia
62%
Botswana
61%
Oman
54%
Republic of the Congo
51%
Suriname
48%
Guyana
47%
Somalia
41%
Gabon
38%
Belize
22%
Central African Republic
21%
No matching quizzes found
Score Distribution
Percent of People with Each Score
Percentile by Number Answered
Your Score History
You have not taken this quiz